Premiéra Sedliackej cti O krásnom dare návštevníkom so sólistou opery SND Magdalénou Blahušiakovou

Bibliographic Details
Main Authors: Blahušiaková, Magdaléna, 1943- (Author), M.G (Author)
Format: Article
Language:Slovak
PhysicalDescription:Obr. 1.
Subjects:

MARC

LEADER 00000nab a2200000 a 4500
001 vtls000173350
003 SK-MaSNL
005 20260304013456.0
008 160215c1984 xo 0 slo
015 |a SNBRB19rr/mm-uuuuu 
035 |a CL0183462 
040 |a SNKBUCL  |b slo  |c SNKBUCL  |e AACR2 
041 0 |a slo 
044 |a xo  |c SK 
080 |a 78.071.2:792.5  |2 1981 
080 |a 792.5  |2 1981 
080 |a 929 Blahušiaková, Magdaléna  |2 1981 
100 1 |a Blahušiaková, Magdaléna,  |d 1943-  |4 aut  |9 29513 
245 1 0 |a Premiéra Sedliackej cti  |b O krásnom dare návštevníkom so sólistou opery SND Magdalénou Blahušiakovou  |c Magdaléna Blahušiaková, M.G. 
300 |b Obr. 1. 
600 1 7 |a Blahušiaková, Magdaléna,  |d 1943-  |2 snkbucl  |9 29513 
655 7 |a články z novín a časopisov  |2 snkbucl  |9 267496 
700 1 |a M.G.  |4 aut  |9 428060 
773 0 |t Večerník  |g Roč. 29, č. 18 (25. 1. 1984), s. 5 
850 |a Slovenská národná knižnica v Martine  |a MTA001 
852 |a SNK  |b KIS3GCP 
958 |a BX 
958 |a RK 
992 |a RBX 
999 |c 2575953  |d 2577883